Statistiques concernant Pays ayant déjà participé à une coupe du monde

Cliquez ici pour prendre le quiz!

Statistiques générales

  • Ce quiz a été pris 675 fois
  • Le résultat moyen est 66 sur 84

Statistiques - réponses

Nombre de participationPays% Correct
21Brésil
99%
15France
99%
15Espagne
98%
19Allemagne
97%
17Argentine
97%
18Italie
96%
6Japon
96%
5Maroc
95%
7Portugal
95%
4Algérie
94%
15Angleterre
94%
10Etats-Unis
94%
4Russie
94%
12Suède
94%
13Uruguay
94%
5Australie
93%
1Canada
93%
1Chine
93%
16Mexique
93%
3Afrique du Sud
92%
13Belgique
92%
9Chili
92%
10Pays-Bas
92%
10Corée du Sud
91%
3Irlande
91%
11Suisse
90%
3Egypte
89%
3Norvège
89%
2Sénégal
89%
6Colombie
88%
5Danemark
88%
5Tunisie
88%
5Croatie
86%
5Pérou
86%
8Pologne
86%
5Arabie Saoudite
85%
1Ukraine
85%
2Nouvelle-Zélande
84%
2Serbie
84%
2Turquie
84%
9Hongrie
83%
8Paraguay
83%
3Grèce
82%
7Cameroun
81%
5Iran
81%
1Islande
81%
7Roumanie
81%
5Costa Rica
80%
3Equateur
80%
1Slovaquie
80%
7Autriche
79%
2Corée du Nord
79%
8Ecosse
79%
0 (forfait)Inde
79%
1Panama
77%
2Slovénie
77%
3Honduras
76%
3Bolivie
75%
6Nigéria
75%
7Bulgarie
73%
3Côte d'Ivoire
73%
3Ghana
73%
1Zaïre
73%
1Irak
70%
1Pays de Galles
69%
1Bosnie-Herzégovine
68%
1Cuba
65%
1République Tchèque
65%
7URSS
65%
1Jamaïque
64%
8Yougoslavie
64%
1Togo
61%
3Irlande du Nord
60%
1Indonésie
58%
1Israël
58%
8Tchécoslovaquie
52%
1Angola
51%
1Haïti
46%
2Salvador
46%
1Koweït
42%
1Emirats arabes unis
38%
1Trinité-et-Tobago
34%
1Allemagne de l'Est
28%
2Serbie-et-Monténégro
16%

Distribution des résultats

Percentile par nombre de réponses

% des personnes avec chaque résultat

Votre développement - résultats

Vous n’avez pas pris ce quiz